| 000 | 00784nam a2200253Ia 4500 | ||
|---|---|---|---|
| 001 | 21765 | ||
| 005 | 20260320113311.0 | ||
| 008 | 260320s9999||||xx |||||||||||||| ||und|| | ||
| 020 | _a8420006653 | ||
| 041 | _aESP | ||
| 082 |
_a579.17 _bG77 |
||
| 100 |
_aGrant, W. D., _eAUT |
||
| 245 | 0 |
_aMicrobiología ambiental _b |
|
| 246 |
_aEnvironmental microbiology _5 _bGómez-Lucía, María Esperanza |
||
| 260 |
_aZaragoza : _bAcribia, _c1989 |
||
| 300 |
_aix, 222 páginas : _bilustraciones, tablas ; _c24 cm. _e |
||
| 440 |
_a _n _v |
||
| 650 | _aTCA | ||
| 653 | _aMicrobiología | ||
| 654 | _aCIA | ||
| 700 |
_aLong, P. E., _cAUT |
||
| 856 |
_uhttps://ebooks7-24-com.ucsp.lookproxy.com/stage.aspx?il=&pg=&ed= _zVéase además: Base de datos Ebook7-24 |
||
| 942 |
_cLIB _dJUS _fMIP _2ddc _n |
||
| 999 |
_c21765 _d21765 |
||